[Event "Hamburg St Pauli op-B"]
[Site "Hamburg"]
[Date "2011.07.12"]
[Round "5"]
[White "Meyer, Stefan1111"]
[Black "Hall, Dean"]
[Result "0-1"]
[WhiteElo "1784"]
[BlackElo "1744"]
[PlyCount "58"]
[EventDate "2011.07.09"]
[EventType "swiss"]
[EventRounds "9"]
[EventCountry "GER"]
[SourceTitle "CBM 143 Extra"]
[Source "ChessBase"]
[SourceDate "2011.08.29"]
[SourceVersion "1"]
[SourceVersionDate "2011.08.29"]
[SourceQuality "1"]

1. f4 d5 2. Nf3 Bg4 3. g3 Nc6 4. Bg2 Qd7 5. h3 Bf5 6. c3 Nf6 7. d3 h5 8. b4 e6 9. b5 Ne7 10. Qa4 Ng6 11. Ne5 Nxe5 12. fxe5 Nh7 13. c4 Bc5 14. cxd5 exd5 15. d4 Bb6 16. Nc3 c6 17. bxc6 bxc6 18. e4 dxe4 19. Nxe4 Bxe4 20. Bxe4 0-0 21. Bb2 Ng5 22. Bxc6 Nf3+ 23. Bxf3 Qxa4 24. Rd1 Rac8 25. Rh2 Rc2 26. Rxc2 Qxc2 27. Bc1 Qc3+ 28. Ke2 Bxd4 29. Bf4 Bxe5 0-1